000 00514nmm a2200157Ia 4500
008 251105s9999||||xx |||||||||||||||||und||
020 _a9788497440288
041 _aspa
100 _aOrtiz Córdoba, Ángel
245 0 _aBiografía de Álvarez de Quindós (1751-1812) :
_b Algunas páginas de la historia de mi pueblo
264 _a[Madrid, España] :
_bEdiciones Doce Calles,
_c2004
300 _a161 páginas
650 _aBiography
856 _uhttps://public.digitaliapublishing.com/a/162622
942 _cCF
999 _c90537
_d90537